[Event "45th Olympiad 2024"]
[Site "Budapest HUN"]
[Date "2024.09.15"]
[Round "5.65"]
[Board "2"]
[White "OSUNFUYI, Abimbola"]
[Black "Omar, Aden Omar"]
[Result "1-0"]
[WhiteElo "2164"]
[BlackElo "1779"]
[PlyCount "49"]
[EventDate "2024.09.11"]
[WhiteTeam "Nigeria"]
[BlackTeam "Djibouti"]
[WhiteTeamCountry "NGR"]
[BlackTeamCountry "DJI"]

1. Nf3 d5 2. e3 Nf6 3. c4 e6 4. Nc3 a6 5. b3 Nbd7 ({RR} 5... dxc4 6. bxc4 c5 7. Qc2 b6 8. Be2 Bb7 9. Bb2 Be7 10. O-O O-O 11. Rad1 Nbd7 12. d4 cxd4 13. exd4 Rc8 14. Qb3 Qc7 15. Nd2 Rfd8 16. Rfe1 Nb8 17. Na4 Nbd7 18. Nc3 Nb8 19. Na4 Nbd7 20. Nc3 {½-½ Vachier Lagrave,M (2778)-Nakamura,H (2736) Titled Tuesday intern op 22nd Sept blitz 2020 (7)}) 6. Bb2 b6 7. cxd5 exd5 8. Rc1 $146 ({RR} 8. g3 Bb7 9. Bg2 Bd6 10. O-O O-O 11. Rc1 Re8 12. Re1 Nc5 13. d3 Ne6 14. Ne2 c5 15. d4 b5 16. dxc5 Nxc5 17. Nf4 Nce4 18. Nd4 Rc8 19. Nf5 Be5 20. Bxe5 Rxe5 21. Nd4 Re8 22. f3 Nd6 {1-0 Zhao,Y (2491)-Barski,R (2410) 5th Valencia Cuna Open 2024 (7.2)}) ({RR} 8. Be2 Bb7 9. O-O Bd6 10. Re1 O-O 11. Bf1 {½-½ Filip,L (2372)-Creanga,R (2190) ch-ROU 2023 Sebes ROU (8.14)}) 8... c5 9. d4 Bb7 10. Bd3 Bd6 11. O-O O-O 12. dxc5 bxc5 13. Bf5 Re8 14. Na4 Qe7 15. Qc2 Ne4 16. Bxd7 Qxd7 17. Nb6 Qe7 18. Nxa8 Bxa8 19. Rfe1 Qe6 20. Nd2 Nxd2 21. Qxd2 Qh6 22. f4 Re6 23. Ba3 d4 24. Bxc5 Rg6 25. Bxd6 1-0

[Event "45th Olympiad 2024"]
[Site "Budapest HUN"]
[Date "2024.09.15"]
[Round "5.65"]
[Board "3"]
[White "Mohamed, Ali Dima"]
[Black "Ofowino, Toritsemuwa"]
[Result "0-1"]
[WhiteElo "1761"]
[BlackElo "2020"]
[PlyCount "160"]
[EventDate "2024.09.11"]
[WhiteTeam "Djibouti"]
[BlackTeam "Nigeria"]
[WhiteTeamCountry "DJI"]
[BlackTeamCountry "NGR"]

1. e4 c6 2. d4 d5 3. exd5 cxd5 4. Nf3 Nc6 5. Bf4 Bg4 6. c3 Nf6 7. Nbd2 a6 8. Bd3 ({RR} 8. h3 Bh5 9. g4 Bg6 10. Nh4 e6 11. Nxg6 hxg6 12. Bg2 Bd6 13. Bg5 Qb6 14. Nb3 Qc7 15. Qe2 Nh7 16. Be3 Nf6 17. Bg5 Nh7 18. Be3 Nf6 {½-½ Agrest,E (2592)-Meier,G (2648) SWE-chT 1617 2016 (3.5)}) ({RR} 8. Qb3 Na5 9. Qc2 e6 10. Ne5 Bf5 11. Qa4+ b5 12. Bxb5+ axb5 13. Qxb5+ Nd7 14. b4 f6 15. Nxd7 Qxd7 16. Qxd7+ Kxd7 17. bxa5 Rxa5 18. a4 Bc2 19. O-O Be7 20. Ra2 Bxa4 21. Rfa1 Rha8 22. Nb3 R5a6 {0-1 Pham Le Thao Nguyen (2395)-Kovalev,D (2487) Titled Tue 14th May Early 2024 (9)}) 8... e6 9. h3 Bh5 10. Qb3 $146 ({RR} 10. O-O Bd6 11. Bg5 O-O 12. Re1 Rc8 13. Bh4 Re8 14. Bg3 Bxg3 15. fxg3 e5 16. g4 e4 17. gxh5 exd3 18. Ne5 Qb6 19. Nxc6 Rxe1+ 20. Qxe1 Rxc6 21. Rb1 Re6 22. Qg3 h6 23. Qxd3 Nxh5 24. Qf5 g6 {1-0 Slizunkov,D (2120)-Musovic,A (2219) EU-ch Online U2300 Final 2020 (2)}) ({RR} 10. O-O Bd6 11. Bxd6 Qxd6 12. Re1 O-O 13. Qb3 Nd7 14. Re3 Rfc8 15. Rae1 b5 16. a3 Bg6 17. Bxg6 hxg6 18. Qd1 a5 19. Ne5 Ncxe5 20. dxe5 Qe7 21. Qg4 b4 22. axb4 axb4 23. h4 bxc3 24. bxc3 Ra3 {1-0 Mueller,H-Pachman,L (2455) Bayern Kongress-54 Meisterturnier 1 1983 (10)}) 10... Na5 11. Qa4+ b5 12. Qc2 Bd6 13. Bxd6 Qxd6 14. Ne5 O-O 15. f4 Bg6 16. O-O Nc4 17. Ndxc4 dxc4 18. Bxg6 hxg6 19. b3 cxb3 20. axb3 Nd5 21. Qd3 Rfd8 22. Rf3 Rac8 23. Qd2 Nf6 24. Qd3 Nd5 25. Rc1 Qa3 26. Qb1 Qd6 27. Qe4 Rc7 28. Qe1 Rdc8 29. Kh2 Ne7 30. Nd3 Nf5 31. g4 Ne7 32. Nc5 Nd5 33. Qe5 Qc6 34. Re1 Re7 35. Kg3 Ree8 36. Qg5 Qd6 37. Ra1 Ra8 38. Ne4 Qc6 39. h4 Ne7 40. Re1 Rad8 41. h5 Rd5 42. Qh4 Rxh5 43. gxh5 Nf5+ 44. Kh3 Nxh4 45. Kxh4 gxh5 46. Rg3 Kf8 47. Rg5 g6 48. Rc5 Qb7 49. Kg3 Rd8 50. Nd2 b4 51. Nf3 bxc3 52. Rxc3 Qb4 53. Rec1 Rxd4 54. Nxd4 Qxd4 55. Rc8+ Kg7 56. R1c3 e5 57. fxe5 Qxe5+ 58. Kh3 g5 59. R8c5 Qf4 60. R5c4 Qf5+ 61. Kh2 Kg6 62. Rc2 f6 63. Rc8 Qf4+ 64. Kg2 Qe4+ 65. Kh2 Qe5+ 66. Kg2 Qd5+ 67. Kh2 Qxb3 68. R8c6 h4 69. R6c3 Qe6 70. Rc6 Qe5+ 71. Kh1 g4 72. R6c4 f5 73. Rc6+ Kg5 74. R6c5 Qe4+ 75. Kg1 h3 76. R5c4 Qe1+ 77. Kh2 Qe5+ 78. Kg1 g3 79. Rc1 Qe3+ 80. Kh1 Qf3+ 0-1

[Event "45th Olympiad 2024"]
[Site "Budapest HUN"]
[Date "2024.09.15"]
[Round "5.66"]
[Board "4"]
[White "Mooney, Graham"]
[Black "Pitamber, Sachin Dhilan"]
[Result "1/2-1/2"]
[WhiteElo "1935"]
[BlackElo "1719"]
[PlyCount "66"]
[EventDate "2024.09.11"]
[WhiteTeam "Jersey"]
[BlackTeam "Guyana"]
[BlackTeamCountry "GUY"]

1. e4 c5 2. Nf3 g6 3. d4 cxd4 4. Nxd4 Bg7 5. c4 Nf6 6. Nc3 d6 7. Be2 Nc6 8. Be3 O-O 9. Qd2 Bd7 10. f3 Rc8 11. O-O Ne5 12. b3 a6 13. Rac1 Qa5 14. Nd5 ({RR} 14. Bg5 Qb4 15. Rfd1 b5 16. cxb5 axb5 17. Ncxb5 Qxd2 18. Bxd2 d5 19. f4 Nc6 20. e5 Ne4 21. Nxc6 Bxc6 22. Nd4 Bd7 23. Be3 Nc3 24. Rd2 Nxe2+ 25. Nxe2 Bb5 26. Rxc8 Rxc8 27. Nd4 Bd7 28. Rc2 Ra8 {1-0 Curtis,J (2292)-Bodicky,M (2207) Titled Tue 16th Jan Late 2024 (8)}) 14... Qd8 15. Rfd1 Nxd5 16. exd5 f5 $146 ({RR} 16... Qc7 17. h3 Be8 18. Bg5 Qd7 19. f4 f6 20. Ne6 Rf7 21. Nxg7 fxg5 22. fxe5 Kxg7 23. Bg4 Qc7 24. Bxc8 Qxc8 25. Qxg5 {1-0 Gubaydullin,K-Ozgur,T (1570) Wch U10 Kemer 2009 (9)}) ({RR} 16... Rc7 17. h3 Be8 18. f4 Nd7 19. f5 Nf6 20. fxg6 hxg6 21. Bh6 Bd7 22. Bd3 Rc8 23. Ne6 fxe6 24. Bxg6 Be8 25. Qg5 Bxh6 26. Qxh6 Bxg6 27. Qxg6+ Kh8 28. Rd4 Nh7 29. Rh4 Rf7 30. Qxf7 Qg8 31. Qxe6 {1-0 Wijesurija,G (2189)-Granara Barreto,S (2315) Olympiad-35 Bled 2002 (3.2)}) 17. Bf1 Qe8 18. Qb4 f4 19. Bf2 g5 20. Ne6 Bxe6 21. dxe6 g4 22. Qxb7 gxf3 23. gxf3 Qg6+ 24. Bg2 Nd3 25. Rc2 Nc5 26. Qxe7 Qxc2 27. Qxd6 Nb7 28. Qd3 Qxd3 29. Rxd3 Rfd8 30. Rd7 Rxd7 31. exd7 Rc6 32. Bh3 a5 33. Bf5 Nd8 1/2-1/2

[Event "45th Olympiad 2024"]
[Site "Budapest HUN"]
[Date "2024.09.15"]
[Round "5.67"]
[Board "1"]
[White "Wu, Li"]
[Black "Stratonowitsch, Andre"]
[Result "1-0"]
[WhiteElo "2325"]
[BlackElo "2154"]
[PlyCount "47"]
[EventDate "2024.09.11"]
[WhiteTeam "Isle of Man"]
[BlackTeam "Seychelles"]
[WhiteTeamCountry "IOM"]
[BlackTeamCountry "SEY"]

1. d4 Nf6 2. c4 e6 3. Nc3 d5 4. cxd5 exd5 5. Bg5 Be7 6. e3 O-O 7. Bd3 c6 8. h3 Re8 9. Qc2 Nbd7 10. Nge2 Ne4 11. Bf4 ({RR} 11. Bxe4 dxe4 12. Bxe7 Qxe7 13. g4 Nf6 14. Ng3 Be6 15. Ngxe4 Nxe4 16. Qxe4 Bd5 17. Qxe7 Rxe7 18. Nxd5 cxd5 19. Kd2 h5 20. gxh5 Rd8 21. Rhg1 Rd6 22. Rg5 Kh7 23. Rag1 f6 24. Rf5 Re4 25. Rc1 Rd7 {1-0 Melkumyan,H (2646)-Saya,E (2231) Titled Tue 21st May Late 2024 (1)}) 11... Ndf6 12. g4 h6 13. f3 Ng5 $146 ({RR} 13... Nxc3 14. Nxc3 c5 15. Bb5 Bd7 16. Bxd7 Qxd7 17. O-O-O cxd4 18. exd4 b5 19. Kb1 a5 20. Qd3 b4 21. Ne2 a4 22. h4 b3 23. a3 Rac8 24. Rc1 Rxc1+ 25. Rxc1 Nh7 26. Bg3 Bf6 27. Nc3 Nf8 28. Bf2 {½-½ Praszak,M (2068)-Renkowski,P (2199) POL-chT 1st League 2018 (2.6)}) ({RR} 13... Nxc3 14. Qxc3 Bd6 15. O-O-O Qe7 16. Bxd6 Qxd6 17. Rde1 b6 18. h4 Be6 19. Nf4 Kf8 20. g5 Ng8 21. Rhg1 Rac8 22. Kb1 Bd7 23. Nh5 g6 24. gxh6 Nxh6 25. Ng3 Ke7 26. e4 Kd8 27. e5 Qe7 28. h5 {½-½ Moiseenko,A-Antoniewski,R EU-ch U14 Herculane 1994 (3)}) 14. Bxg5 hxg5 15. h4 gxh4 16. g5 Nd7 17. f4 Bxg5 18. fxg5 Qxg5 19. O-O-O Rxe3 20. Qd2 Qh6 21. Rdg1 Re6 22. Nf4 Rf6 23. Rg4 Nc5 24. Rgxh4 1-0

[Event "45th Olympiad 2024"]
[Site "Budapest HUN"]
[Date "2024.09.15"]
[Round "5.67"]
[Board "3"]
[White "Ormsby, Alan"]
[Black "Bonne, Robin"]
[Result "1-0"]
[WhiteElo "1914"]
[BlackElo "1707"]
[PlyCount "71"]
[EventDate "2024.09.11"]
[WhiteTeam "Isle of Man"]
[BlackTeam "Seychelles"]
[WhiteTeamCountry "IOM"]
[BlackTeamCountry "SEY"]

1. e4 {ChessBase II} c5 2. Nf3 d6 3. d4 cxd4 4. Nxd4 a6 5. Nc3 e5 6. Nb3 Nf6 7. Bg5 Nbd7 8. Bd3 $146 ({RR} 8. Qd2 Qc7 9. Bd3 b5 10. O-O Bb7 11. a4 b4 12. Ne2 Nxe4 13. Bxe4 Bxe4 14. Qxb4 Qxc2 15. Nd2 d5 16. Qb7 Rb8 17. Qxa6 Bd3 18. Qa7 Bc5 19. Qc7 Bxf2+ {0-1 Zouhair,I (1967)-Schaefer,L (1915) Verbandsliga Sued Baden 0708 2007 (5.6)}) ({RR} 8. a4 Be7 9. Nd2 Qb6 10. Nc4 Qc6 11. Ne3 h6 12. Bxf6 Nxf6 13. Bc4 Be6 14. Qd3 Rc8 15. b3 O-O 16. a5 Bxc4 17. Nxc4 Rfd8 18. Rd1 Qe8 19. O-O Rc5 20. Na4 Rb5 21. Nc3 Rc5 22. Qf3 Qc6 {1-0 Kozionov,K (2439)-Tsydypov,Z (2485) Moscow Aeroflot op-B 16th 2017 (5)}) ({RR} 8. a4 Be7 9. Bc4 h6 10. Be3 Qc7 11. Qe2 b6 12. f3 Bb7 13. O-O O-O 14. Rad1 Rfc8 15. Bd3 Nc5 16. Nxc5 dxc5 17. Bc4 Rd8 18. b3 Bf8 19. Rxd8 Qxd8 20. Rd1 Qc7 21. Qd3 Be7 22. Qe2 Bf8 {1-0 Pinero,C (2288)-Agibileg,U (2442) Titled Tue 14th May Early 2024 (8)}) ({RR} 8. g3 Be7 9. Bg2 O-O 10. O-O Nb6 11. Qd3 Be6 12. Rfd1 Nc4 13. Rab1 Rc8 14. Bxf6 Bxf6 15. Nd5 Bg5 16. h4 Bh6 17. Qe2 g6 18. c3 b5 19. Na1 f5 20. Bh3 Rc5 21. Nc2 Bxd5 22. exd5 f4 {0-1 Grimaldi,R (2345)-Ramirez,J WchT U26 02 fin-B 1980 (2)}) 8... Be7 9. O-O h6 10. Be3 Nc5 11. Nxc5 dxc5 12. a4 Be6 13. Qe2 O-O 14. f3 Qc7 15. Bc4 Bxc4 16. Qxc4 Rfd8 17. Rfd1 Rac8 18. g4 g5 19. b3 a5 20. Kg2 b6 21. h4 Ne8 22. Nd5 Nd6 23. Qe2 Qb7 24. c4 f6 25. Rh1 Bf8 26. Nxf6+ Kf7 27. hxg5 Bg7 28. Nd5 hxg5 29. Bxg5 Rh8 30. Rxh8 Rxh8 31. Rh1 Kg6 32. Rxh8 Bxh8 33. Qd2 Bg7 34. Ne7+ Kf7 35. Qxd6 Bf8 36. Qg6# 1-0

[Event "45th Olympiad 2024"]
[Site "Budapest HUN"]
[Date "2024.09.15"]
[Round "5.68"]
[Board "4"]
[White "Guillaume, Jude Mirvens"]
[Black "Cisse, Amadou Lamine"]
[Result "1/2-1/2"]
[WhiteElo "1956"]
[BlackElo "1948"]
[PlyCount "145"]
[EventDate "2024.09.11"]
[WhiteTeam "Haiti"]
[BlackTeam "Senegal"]
[WhiteTeamCountry "HAI"]
[BlackTeamCountry "SEN"]

1. d4 d5 2. Bf4 c5 3. c3 Nc6 4. Nf3 Nf6 5. h3 e6 6. e3 Qb6 7. Qc2 Bd7 8. Nbd2 Rc8 9. Qb3 Qxb3 10. axb3 $146 ({RR} 10. Nxb3 cxd4 11. exd4 Be7 12. Bd3 O-O 13. O-O a6 14. Rfe1 Rfd8 15. Nbd2 Be8 16. Ne5 Nxe5 17. Bxe5 Nd7 18. Bg3 Nb6 19. Re2 Bd6 20. Bxd6 Rxd6 21. Nf3 Na4 22. Ne5 Rb6 23. Rb1 f6 24. Nf3 Bg6 {0-1 Bauer,M (2380)-Fritsche,W Bochum Post op 1991}) ({RR} 10. Nxb3 Ne4 11. Nbd2 Nxd2 12. Nxd2 c4 13. e4 b5 14. Be2 b4 15. O-O Be7 16. Bf3 bxc3 17. bxc3 dxe4 18. Nxe4 O-O 19. Rfb1 Ba3 20. Rb7 Be8 21. Nd6 Na5 22. Nxc8 Nxb7 23. Bxb7 Bc6 24. Bxc6 Rxc8 {1-0 Cizman,G (1855)-Bratkovic,J Ljubljana Winter op 2010 (2)}) 10... a6 11. Be2 cxd4 12. exd4 Be7 13. Ne5 Nxe5 14. dxe5 Ng8 15. b4 Bc6 16. O-O h5 17. Nb3 Bd8 18. Be3 Ne7 19. Bd3 Nf5 20. Bc5 Bc7 21. Bxf5 exf5 22. f4 Bd7 23. Rae1 b6 24. Bd6 Bxd6 25. exd6+ Be6 26. Nd4 Kd7 27. Ra1 Ra8 28. Ra3 Ra7 29. Re1 Rha8 30. Rea1 Kc8 31. Nc6 Rd7 32. Ne5 Rxd6 33. Rxa6 Rxa6 34. Rxa6 Kb7 35. Ra1 Rd8 36. Kf2 Rc8 37. Ke3 d4+ 38. Kxd4 f6 39. Nf3 Rc4+ 40. Ke3 Re4+ 41. Kf2 Rxf4 42. Re1 Re4 43. Nd4 Bd5 44. g3 f4 45. Rxe4 fxg3+ 46. Kxg3 Bxe4 47. Kf4 Bd3 48. h4 g6 49. Ke3 Bb1 50. Ne6 Kc6 51. c4 Kd6 52. Nf4 Ke5 53. c5 bxc5 54. bxc5 g5 55. hxg5 fxg5 56. Nxh5 Kd5 57. b4 Bf5 58. Ng3 Bd7 59. Ne4 Kc4 60. Nxg5 Kxb4 61. Kd4 Bc6 62. Ne6 Bg2 63. Nf4 Bc6 64. Nd3+ Kb5 65. Ke5 Bb7 66. Kd6 Be4 67. Nf4 Bb7 68. Nd5 Kc4 69. Nc7 Be4 70. Ne6 Kb5 71. Nf4 Kc4 72. Nh5 Bb7 73. Nf6 1/2-1/2

[Event "45th Olympiad 2024"]
[Site "Budapest HUN"]
[Date "2024.09.15"]
[Round "5.69"]
[Board "3"]
[White "Edwards, Emar"]
[Black "Gontcharov, Dimitri"]
[Result "1-0"]
[WhiteElo "1898"]
[BlackElo "1653"]
[PlyCount "63"]
[EventDate "2024.09.11"]
[WhiteTeam "Barbados"]
[BlackTeam "Bermuda"]
[WhiteTeamCountry "BAR"]
[BlackTeamCountry "BER"]

1. e4 c5 2. Nf3 e6 3. d4 cxd4 4. Nxd4 a6 5. Bd3 Qc7 6. Nc3 Nf6 7. Qe2 d6 8. f4 Nbd7 9. g4 h6 ({RR} 9... Nc5 10. g5 Nfd7 11. h4 b5 12. a3 Bb7 13. Rh3 Nb6 14. h5 e5 15. Nf5 O-O-O 16. Bd2 Kb8 17. O-O-O Rc8 18. Kb1 Rg8 19. Ne3 exf4 20. Ned5 Nxd5 21. Nxd5 Bxd5 22. exd5 g6 23. h6 Be7 24. Bxf4 {1-0 Grischuk,A (2759)-Artemiev,V (2746) chess.com Speed blitz 2019 (1.4)}) 10. Bd2 b5 11. a3 Bb7 12. g5 $146 ({RR} 12. O-O-O Nc5 13. Kb1 e5 14. Nf5 g6 15. Ne3 Nfxe4 16. Bxe4 Nxe4 17. Ncd5 Qc6 18. Ba5 Rc8 19. Qf3 f5 20. gxf5 Nc5 21. Qg4 Be7 22. Qxg6+ Kd7 23. fxe5 Rce8 24. Nxe7 Rxe7 25. Rxd6+ Qxd6 26. Qxd6+ Kc8 {1-0 Nitin,S (2361)-Barath,K (2092) Gujarat op 2nd 2019 (3)}) ({RR} 12. O-O-O Rc8 13. Kb1 Nc5 14. h4 d5 15. e5 Nfe4 16. Bxe4 Nxe4 17. Nxe4 dxe4 18. Be3 Bc5 19. g5 hxg5 20. hxg5 Rxh1 21. Rxh1 Qb6 22. Qf2 b4 23. axb4 Qxb4 24. Rh8+ Kd7 25. Rxc8 Kxc8 26. f5 Bd5 {1-0 Bolat,I (2208)-Huayhuas Robles,L (1801) Titled Tue 26th Mar Late 2024 (1)}) ({RR} 12. Rg1 Nc5 13. h4 d5 14. e5 Nfe4 15. Bxe4 Nxe4 16. Nxe4 dxe4 17. O-O-O Bd5 18. Kb1 Qb6 19. Be3 Qa5 20. Nb3 Qc7 21. Nd4 Rb8 22. Rge1 Qb7 23. Nb3 Qc8 24. Bf2 b4 25. a4 Qc6 26. a5 Be7 {½-½ Majidi,K (1806)-Hamedi Nia,V (1933) Asia zt 3.1 (Women) 2017 (4)}) 12... hxg5 13. fxg5 Nh5 14. g6 Ne5 15. gxf7+ Qxf7 16. O-O-O Nf4 17. Bxf4 Qxf4+ 18. Kb1 Nxd3 19. Rxd3 Qe5 20. Qg4 Rh6 21. Rf1 Be7 22. Nf3 Qf6 23. Qg1 O-O-O 24. Qa7 Rd7 25. e5 Bxf3 26. Qxd7+ Kxd7 27. exf6 Bxf6 28. Rdxf3 Rxh2 29. Ne4 Bd4 30. Rf7+ Kc6 31. Ng5 e5 32. Nf3 1-0

[Event "45th Olympiad 2024"]
[Site "Budapest HUN"]
[Date "2024.09.15"]
[Round "5.70"]
[Board "1"]
[White "Than, Min Hlaing"]
[Black "Alrehaili, Ahmed Abdullah S"]
[Result "0-1"]
[WhiteElo "2121"]
[BlackElo "2117"]
[PlyCount "100"]
[EventDate "2024.09.11"]
[WhiteTeam "Myanmar"]
[BlackTeam "Saudi Arabia"]
[WhiteTeamCountry "MYA"]
[BlackTeamCountry "SAU"]

1. Nf3 {Huzman,Alexander} Nf6 2. c4 g6 3. Nc3 Bg7 4. e4 d6 5. d4 O-O 6. Be2 Nbd7 7. O-O e5 8. Be3 Qe7 9. d5 c5 10. dxc6 ({RR} 10. Bg5 h6 11. Bd2 Ne8 ({RR} 11... Nh5 12. g3 f5 13. Nh4) 12. g3 Ndf6 ({RR} 12... f5 13. Nh4 Qf6 14. exf5 gxf5 15. f4) 13. Nh4 Bh3 14. Re1 Kh7 15. Rb1 b6 16. a3 Bd7 ({RR} 16... Ng8 17. Bd3 f5 18. Nxg6 Kxg6 19. exf5+ Bxf5 20. Qg4+) 17. b4 Qd8 18. Bd3 Ng8 19. Qc2 Rc8 20. bxc5 ({RR} 20. a4 cxb4 21. Rxb4 Nc7) 20... dxc5 ({RR} 20... Rxc5 21. Be3 Rc8 22. a4) 21. f4 Nd6 ({RR} 21... exf4 22. e5 fxg3 23. hxg3) 22. a4 ({RR} 22. fxe5 Bxe5 23. Nf3 f6 ({RR} 23... Bd4+ 24. Kg2)) ({RR} 22. Nf3 exf4 ({RR} 22... f6 23. f5) 23. e5) 22... Ne7 23. Nb5 ({RR} 23. Nf3) 23... Bxb5 24. axb5 Qd7 {1-0 Topalov,V (2690)-Movsesian,S (2659) EU-chT (Men) 12th 1999 (7.1)}) ({RR} 10. Nd2 h5 11. a3 Nh7 12. b4 b6 13. Nb3 f5 14. f3 Ndf6 15. bxc5 dxc5 16. a4 Bd7 17. a5 h4) ({RR} 10. Qd2 Ng4 11. Bg5 f6 12. Bh4 Nh6 13. Ng5 Nb8 14. Rad1 Nf7 15. Ne6 Bxe6 16. dxe6 Qxe6 17. Nd5 Na6 18. Bxf6 Bxf6 19. Bg4) 10... bxc6 11. Qd2 ({RR} 11. b4 Bb7 12. Nd2 d5 13. cxd5 cxd5 14. exd5 Nxd5 15. Nxd5 Bxd5 16. Nb3 Qe6) 11... Nc5 12. Bg5 $146 ({RR} 12. Bd3 Rb8 13. Bxc5 dxc5 14. b3 Nh5 15. Ne2 Bg4 16. Qe3 f5 17. Ne1 f4 18. Qd2 f3 19. Ng3 fxg2 20. Nxg2 Nf4 21. Bc2 Bf3 22. Nxf4 exf4 23. Rae1 fxg3 24. hxg3 Rbd8 25. Qc1 Bd4 26. Bd1 Qe5 {0-1 Sasitharan,A (1913)-Brueckner,T (2375) Titled Tuesday intern op 12th Dec blitz 2017 (5)}) ({RR} 12. Bxc5 dxc5 13. Rfd1 Bg4 14. Qd6 Qb7 15. Rab1 Rfe8 16. Qxc5 Nd7 17. Qa5 Nf8 18. Na4 Ne6 19. Nc5 Qb6 20. Qxb6 axb6 21. Nxe6 Bxe6 22. a3 f6 23. Ne1 Bf8 24. Nc2 Rec8 25. b4 h5 26. Rb3 Kf7 {½-½ Larchikov,M (1951)-Hebden,M (2386) British Rapidplay 2024 (10.6)}) ({RR} 12. Bxc5 dxc5 13. Rfd1 Ne8 14. Na4 f5 15. Qe3 Rb8 16. b3 fxe4 17. Nd2 Nd6 18. Qxc5 e3 19. Ne4 exf2+ 20. Kh1 Nf5 21. Qxe7 Nxe7 22. Rf1 Bf5 23. Nac5 Rbd8 24. Rad1 Bh6 25. Bf3 Rxd1 26. Rxd1 Be3 {0-1 Voicu,T (2191)-Secheres,A (2371) TCh-ROU Rapid 2023 (2.6)}) 12... Bg4 13. h3 Bxf3 14. Bxf3 a5 15. Rfe1 Ne6 16. Be3 Nd7 17. Bd1 Ndc5 18. f3 Rfb8 19. Na4 Rb4 20. Nxc5 dxc5 21. a3 Rbb8 22. Ba4 Rd8 23. Qf2 Rac8 24. Red1 Rd4 25. b3 h5 26. Qe1 Rcd8 27. Bxc6 Rd3 28. Rab1 Rxe3 29. Qxe3 Rd4 30. Bd5 Nf4 31. Rxd4 Qg5 32. Qd2 exd4 33. Kf1 d3 34. e5 Bxe5 35. Re1 Bd4 36. Re4 Qxg2+ 37. Qxg2 Nxg2 38. Rxd4 Ne3+ 39. Kf2 cxd4 40. Ke1 g5 41. Kd2 Nxd5 42. cxd5 f5 43. b4 axb4 44. a4 b3 45. Kxd3 g4 46. fxg4 f4 47. a5 b2 48. Kc2 f3 49. a6 f2 50. a7 b1=Q+ 0-1

[Event "45th Olympiad 2024"]
[Site "Budapest HUN"]
[Date "2024.09.15"]
[Round "5.70"]
[Board "2"]
[White "Alshnaiber, Yazeed"]
[Black "Kyaw Zay Ya"]
[Result "1-0"]
[WhiteElo "1889"]
[BlackElo "1818"]
[PlyCount "83"]
[EventDate "2024.09.11"]
[WhiteTeam "Saudi Arabia"]
[BlackTeam "Myanmar"]
[WhiteTeamCountry "SAU"]
[BlackTeamCountry "MYA"]

1. e4 d5 2. exd5 Qxd5 3. Nc3 Qa5 4. d4 c6 5. Nf3 Bg4 6. h3 Bh5 7. g4 Bg6 8. Ne5 Nf6 9. h4 Nd5 10. Bd2 Nxc3 11. Bxc3 Qd5 12. Rg1 $146 ({RR} 12. f3 f6 13. Bc4 Qd6 14. h5 fxe5 15. hxg6 Qxg6 16. dxe5 e6 17. Qd4 Nd7 18. O-O-O Qf7 19. f4 Bc5 20. Qe4 O-O-O 21. b4 Be7 22. f5 exf5 23. gxf5 Bg5+ 24. Kb2 Qe7 25. Be6 Kc7 26. Bxd7 Rxd7 {1-0 Edzgveradze,N (2125)-Medvegy,Z Stockerau op 1993 (8)}) ({RR} 12. f3 h5 13. Bc4 Qd6 14. Qe2 Nd7 15. O-O-O a6 16. d5 c5 17. Nxg6 fxg6 18. Bd3 O-O-O 19. Qe6 Qf4+ 20. Kb1 Qxf3 21. Be5 Qxh1 22. Qc6+ {1-0 Matsuura,E (2485)-De Moraes,A BRA-ch op Manaus 2011 (1)}) 12... Qe4+ 13. Kd2 Qf4+ 14. Ke1 Qh2 15. Nf3 Qd6 16. Bd3 Nd7 17. h5 Bxd3 18. Qxd3 h6 19. Rd1 f6 20. Qg6+ Kd8 21. Kf1 Kc7 22. Kg2 Rd8 23. Rge1 Nb6 24. Ba5 Kb8 25. Bxb6 axb6 26. c4 Qb4 27. d5 c5 28. b3 b5 29. Qe4 Qa5 30. Nh4 e5 31. dxe6 Be7 32. Nf5 Qc7 33. Rd7 Rxd7 34. exd7 Bd8 35. Qe8 Rh7 36. Qg6 Qf4 37. Qxh7 Qxg4+ 38. Ng3 Qxd7 39. Qf5 Qc6+ 40. Qd5 Qxd5+ 41. cxd5 Kc7 42. Nf5 1-0

[Event "45th Olympiad 2024"]
[Site "Budapest HUN"]
[Date "2024.09.15"]
[Round "5.70"]
[Board "3"]
[White "Zaw, Ye Htut"]
[Black "Al Abdali, Zeyad Saleh"]
[Result "1-0"]
[WhiteElo "1815"]
[BlackElo "1780"]
[PlyCount "83"]
[EventDate "2024.09.11"]
[WhiteTeam "Myanmar"]
[BlackTeam "Saudi Arabia"]
[WhiteTeamCountry "MYA"]
[BlackTeamCountry "SAU"]

1. e4 c5 2. Nf3 e6 3. d4 cxd4 4. Nxd4 Nc6 5. Nc3 Qc7 6. a3 a6 7. Be3 b5 8. Be2 Bb7 9. O-O Ne5 ({RR} 9... Rc8 10. Nxc6 Qxc6 11. f4 Nf6 12. Bf3 Bc5 13. Bxc5 Qxc5+ 14. Kh1 e5 15. Qd2 O-O 16. Rad1 Rfe8 17. Rfe1 h6 18. h3 a5 19. fxe5 Rxe5 20. Re2 b4 21. axb4 axb4 22. Nd5 Bxd5 23. exd5 Rxe2 24. Qxe2 {½-½ Godzwon,I (2375)-Ivanisevic,I (2606) Titled Tuesday intern op 16th Mar blitz 2021 (6)}) ({RR} 9... Rc8 10. Nxc6 Qxc6 11. f4 Qc7 12. Qe1 Bc5 13. Bxc5 Qxc5+ 14. Kh1 Ne7 15. Bd3 f6 16. Qg3 O-O 17. Rae1 f5 18. e5 Rf7 19. Qf2 Qc7 20. Ne2 Kh8 21. Nd4 Rg8 22. Be2 g5 23. fxg5 Rxg5 24. Bf3 {0-1 De Gaspari,C (1803)-Collutiis,D (2322) Acqui Terme Open 2024 (1.2)}) 10. Kh1 $146 ({RR} 10. f4 Nc4 11. Bxc4 Qxc4 12. Nb3 Qc7 13. Qd3 Nf6 14. Bd4 Be7 15. Rad1 d5 16. e5 Ne4 17. Qe3 Nxc3 18. Bxc3 Rc8 19. Rd2 Bxa3 20. Bd4 Be7 21. f5 exf5 22. Rxf5 O-O 23. Rdf2 Rce8 24. Qf3 Bc8 {0-1 Jimenez Martinez,A (2056)-Ampie,M (2357) NCA Select Managua 2016 (1)}) ({RR} 10. Bf4 Nf3+ 11. Bxf3 Qxf4 12. g3 Qc7 13. Bg2 h5 14. f4 h4 15. Qg4 Nf6 16. Qh3 Bc5 17. Rad1 Qb6 18. Nce2 Nxe4 19. gxh4 Nf6 20. b4 Be7 21. Bxb7 Qxb7 22. f5 Rc8 23. fxe6 dxe6 24. Rfe1 Nd5 {0-1 Roonprapunt,T-Rahul,S (2453) US Collegiate Blitz 2021 (5.131)}) 10... Nc4 11. Bxc4 Qxc4 12. Qd3 Rc8 13. Nb3 Qc7 14. Rfd1 Nf6 15. f3 Be7 16. Bd4 e5 17. Be3 O-O 18. Qe2 Rfd8 19. Qf2 Re8 20. Bb6 Qb8 21. Rd3 b4 22. axb4 Bxb4 23. Bc5 Rxc5 24. Nxc5 Qa7 25. N3a4 Rc8 26. Rb3 a5 27. c3 Rxc5 28. Rxb4 axb4 29. Qxc5 Qa8 30. cxb4 h6 31. b3 d5 32. exd5 Bxd5 33. Rc1 Kh7 34. Nb6 Qa3 35. Nxd5 Nxd5 36. b5 Qxb3 37. Qc2+ Qxc2 38. Rxc2 Kg8 39. Rc6 Ne7 40. Rd6 Nf5 41. Rd8+ Kh7 42. b6 1-0